000 01180nam a22002177a 4500
999 _c64107
_d64107
003 Ge_BSU
005 20260407164149.0
008 260407s2025 ge ||||| |||| 00| 0 geo d
020 _a9789941879302
041 _ageo
080 _a811.374.26:631=353.1 : 631(038) მ-41
100 _aმაშია, ნინო
_927265
245 _aსასოფლო-სამეურნეო ტერმინთა სალექსიკონო მასალები ქართველურში :
_b[მონოგრაფია] /
_c ნინო მაშია; რედაქტორი მერაბ ნაჭყებია; სოხუმის სახელმწ. უნივერსიტეტი.
264 _aთბილისი,
_c2025.
300 _a216 გვ. ;
_b20 სმ.
504 _aბიბლიოგრაფია: გვ. 204-214.
653 _aსოფლის მეურნეობა
700 _aნაჭყებია, მერაბ
_eრედაქტორი
_9292
700 _aსოხუმის სახელმწ. უნივერსიტეტი.
_927266
942 _2udc
_cᲬᲘᲒᲜᲘ